Statistics for Looney Tunes Character Quiz

Click here to take the quiz!

General Stats

  • This quiz has been taken 48 times
  • The average score is 17 of 39

Answer Stats

HintAnswer% Correct
Iconic RabbitBugs Bunny
100%
Iconic DuckDaffy Duck
97%
Stuttering PigPorky Pig
88%
Gunslinger Cowboy With A Big Red MustacheYosemite Sam
79%
Tuxedo Cat Who Chases Around A Small Yellow BirdSylvester The Cat
76%
Wabbit Hunter And Grilled Cheese LoverElmer Fudd
74%
Fast Mouse From MexicoSpeedy Gonzales
74%
Wild And Crazy Animal Who Often Creates A Tornado Of DestructionTasmanian Devil
74%
Coyote That Always Tries To Catch A Super Fast BirdWile E. Coyote
74%
Super Fast Bird Who Is Constantly Outrunning ^ (Meep Meep)Road Runner
71%
I Say, I Say This Is A Chicken SonFoghorn Leghorn
68%
Romantic SkunkPepé Le Pew
68%
Elderly Owner Of The Tuxedo Cat And Little Yellow BirdGranny
65%
Small Yellow Bird Who Is Always Chased By A Tuxedo CatTweety Bird
65%
Female Bunny Who Loves BasketballLola Bunny
62%
Alien Who Wishes To Destroy EarthMarvin The Martian
62%
WitchWitch Hazel
53%
Female PigPetunia Pig
47%
Giant Redish-Orange MonsterGossamer
41%
Turtle Who Can Outsmart The Iconic RabbitCecil Turtle
38%
Dog Arch Enemy Of ^Barnyard Dawg
26%
Lanky BuzzardBeaky Buzzard
26%
Little Brown ChickenhawkHenery Hawk
26%
Goofy Gopher #1Mac
26%
Female DuckMelissa Duck
26%
PumaPete Puma
26%
Goofy Gopher #2Tosh
26%
Slowest Mouse In MexicoSlowpoke Rodriguez
24%
^'s DogK-9
21%
Little Gray MouseBertie
18%
Little Brown MouseHubie
18%
One Of The Three BearsMama Bear
18%
One Of The Three BearsPapa Bear
18%
Iconic Rabbit, But FATBig Chungus
15%
Kangaroo With Boxing GlovesHippety Hopper
15%
Old Spinster HenMiss Prissy
15%
Little Yellow Bird With GlassesEggbert
12%
One Of The Three BearsJunior Bear
12%
Brown DogCharles The Dog
3%

Score Distribution

Percentile by Number Answered

Percent of People with Each Score

Your Score History

You have not taken this quiz